| 000 | 01099nam a22003257a 4500 | ||
|---|---|---|---|
| 003 | CHAP | ||
| 005 | 20220329134210.0 | ||
| 008 | 971013s1971 us a r 00010 eng d | ||
| 010 | _a16864 | ||
| 011 | _a17836 | ||
| 035 | _a21920 | ||
| 040 | _cCHAP | ||
| 082 | 0 | 4 |
_a632.96 _bH8 |
| 100 | 0 | 0 |
_aHuffaker, Carl Barton. ed. _eed. _956772 |
| 245 | 1 | _aBiological control; proceedings of an AAS Symposium | |
| 260 |
_aNew York : _bPlenum, _c1971 |
||
| 300 |
_a511 p. : _bilus. |
||
| 590 |
_aBATCH-UPD _b10 _c20130110 _lUCH01 _h0322 |
||
| 590 |
_aBATCH-UPD _b10 _c20130110 _lUCH01 _h1542 |
||
| 590 |
_aBATCH-UPD _b10 _c20130409 _lUCH01 _h2355 |
||
| 590 |
_aBATCH-UPD _b10 _c20130914 _lUCH01 _h1045 |
||
| 590 |
_aCONVERSION _b10 _c20130109 _lUCH01 _h1310 |
||
| 650 | 1 | 4 |
_aControl biológico de insectos. _927582 |
| 650 | 1 | 4 |
_aControl biológico de plagas. _927587 |
| 650 | 1 | 4 |
_aMalas hierbas _xControl por insectos. _970013 |
| 901 | _aBK | ||
| 942 | _cLIBRO | ||
| 949 |
_a632.96 H8 _bBC _cLIBRO _d33724000188439 _eLIBRO _h17264 _i21920 _si |
||
| 949 |
_a632.96 H8 _bBC _cLIBRO _d33724000188447 _eLIBRO _fc.2 _h43408 _i21920 _si |
||
| 999 |
_c16864 _d16864 |
||